00462nam a2200169Ia 4500999001700000003000400017005001700021008004100038040000900079082001800088100002900106245004600135260004000181300000900221650001900230942004300249 c35397d35397OSt20201209130434.0190216s9999||||xx |||||||||||||| ||und|| coclc a301.44bMUR/S aMurphy, Richard W 97352 0aStatus And Conformity /cRichard W Murphy bTime Life Books,c1977.aNederland: a176p aHuman Behavior cREF2ddch301.44iMUR/Sk301.44mMUR/S